[Event "Merida World Heritage op 2nd"]
[Site "Merida"]
[Date "2022.08.06"]
[Round "8"]
[White "Rey Martinez, Jaime"]
[Black "Mellado Trivino, Juan"]
[Result "1/2-1/2"]
[WhiteElo "2144"]
[BlackElo "2339"]
[PlyCount "97"]
[EventDate "2022.08.02"]
[EventType "swiss"]
[EventRounds "9"]
[EventCountry "ESP"]
[SourceTitle "CBM 209 Extra"]
[Source "ChessBase"]
[SourceDate "2022.09.30"]
[SourceVersion "1"]
[SourceVersionDate "2022.09.30"]
[SourceQuality "1"]

1. e4 c5 2. Nf3 g6 3. d4 cxd4 4. Nxd4 Nc6 5. c4 Nf6 6. Nc3 d6 7. Be2 Nxd4 8. Qxd4 Bg7 9. Be3 0-0 10. Qd3 a5 11. Rd1 a4 12. Bd4 Qa5 13. 0-0 Bd7 14. f4 Bc6 15. Bf3 Nd7 16. Bxg7 Kxg7 17. e5 Qb6+ 18. Rf2 Rfe8 19. Bxc6 bxc6 20. exd6 exd6 21. Qxd6 Nf6 22. c5 Qa5 23. Qxc6 Rec8 24. Qf3 Qxc5 25. a3 Rab8 26. Kh1 Rb3 27. h3 h5 28. Rdd2 Qf5 29. Qd3 Qxd3 30. Rxd3 Ne4 31. Rff3 Nxc3 32. Rxc3 Rcxc3 33. Rxc3 Rxc3 34. bxc3 Kf6 35. g4 hxg4 36. hxg4 Ke6 37. Kg2 Kd5 38. Kf3 Kc4 39. Ke4 Kxc3 40. Ke5 Kb3 41. Kf6 Kxa3 42. Kxf7 Kb4 43. f5 gxf5 44. gxf5 a3 45. f6 a2 46. Kg8 a1Q 47. f7 Qf6 48. f8Q+ Qxf8+ 49. Kxf8 1/2-1/2

[Event "Merida World Heritage op 2nd"]
[Site "Merida"]
[Date "2022.08.02"]
[Round "1"]
[White "Guerrero Perales, Alfonso"]
[Black "Mellado Trivino, Juan"]
[Result "0-1"]
[WhiteElo "1674"]
[BlackElo "2339"]
[PlyCount "84"]
[EventDate "2022.08.02"]
[EventType "swiss"]
[EventRounds "9"]
[EventCountry "ESP"]
[SourceTitle "EXT 2023"]
[Source "ChessBase"]
[SourceDate "2022.10.05"]
[SourceVersion "1"]
[SourceVersionDate "2022.10.05"]
[SourceQuality "1"]

1. c4 e5 2. g3 Nf6 3. Bg2 Nc6 4. Nc3 Bc5 5. e3 0-0 6. Nge2 d6 7. 0-0 Bf5 8. a3 a5 9. d4 Bb6 10. d5 Ne7 11. e4 Bd7 12. Na4 Ba7 13. Bg5 Ng6 14. b4 Bxa4 15. Qxa4 axb4 16. Qxb4 Bb6 17. a4 Nxd5 18. cxd5 Qxg5 19. a5 Bc5 20. Qxb7 Qd2 21. Nc1 Rfb8 22. Qxc7 Qc3 23. Qc6 Qxa1 24. Nb3 Qc3 25. Nxc5 Qxc5 26. Qxc5 dxc5 27. Ra1 Ne7 28. Bf1 Nc8 29. a6 Nd6 30. Bd3 c4 31. Bc2 Rb2 32. Bb1 Rb6 33. a7 Rb7 34. Ra6 Rxb1+ 35. Kg2 c3 36. Rc6 Kf8 37. Rxc3 Rxa7 38. f4 Nxe4 39. Rc8+ Ke7 40. fxe5 Rb5 41. d6+ Kd7 42. Rf8 Ng5 0-1

[Event "La Pobla de Lillet op-A 30th"]
[Site "La Pobla de Lillet"]
[Date "2021.08.08"]
[Round "7"]
[White "Alves Garcia, Eric"]
[Black "Mellado Trivino, Juan"]
[Result "1/2-1/2"]
[WhiteElo "2043"]
[BlackElo "2358"]
[PlyCount "36"]
[EventDate "2021.08.02"]
[EventType "swiss"]
[EventRounds "9"]
[EventCountry "ESP"]
[SourceTitle "EXT 2022"]
[Source "ChessBase"]
[SourceDate "2021.10.06"]
[SourceVersion "1"]
[SourceVersionDate "2021.10.06"]
[SourceQuality "1"]

1. Nf3 Nf6 2. c4 g6 3. Nc3 Bg7 4. e4 d6 5. d4 0-0 6. Be2 e5 7. 0-0 exd4 8. Nxd4 Re8 9. f3 Nc6 10. Be3 Nh5 11. Nxc6 bxc6 12. Qd2 a6 13. Rfe1 Rb8 14. Rac1 Qh4 15. Bf2 Qf4 16. Be3 Qh4 17. Bf2 Qf4 18. Be3 Qh4 1/2-1/2

[Event "La Pobla de Lillet op-A 30th"]
[Site "La Pobla de Lillet"]
[Date "2021.08.02"]
[Round "1"]
[White "Mellado Trivino, Juan"]
[Black "Mathet, Jeremy"]
[Result "1-0"]
[WhiteElo "2358"]
[BlackElo "1970"]
[PlyCount "67"]
[EventDate "2021.08.02"]
[EventType "swiss"]
[EventRounds "9"]
[EventCountry "ESP"]
[SourceTitle "EXT 2022"]
[Source "ChessBase"]
[SourceDate "2021.10.06"]
[SourceVersion "1"]
[SourceVersionDate "2021.10.06"]
[SourceQuality "1"]

1. e4 e6 2. d4 d5 3. Bd3 dxe4 4. Bxe4 Nf6 5. Bf3 Nbd7 6. Nc3 Bd6 7. Nge2 0-0 8. Nb5 e5 9. Nxd6 cxd6 10. Nc3 Qb6 11. dxe5 Nxe5 12. 0-0 Bf5 13. Nd5 Nxd5 14. Bxd5 Rac8 15. c3 Bd3 16. Re1 Rfe8 17. Bf4 Bg6 18. Qb3 Qxb3 19. axb3 Nd3 20. Rxe8+ Rxe8 21. Be3 b6 22. Rxa7 Nxb2 23. h4 Nd1 24. Bd4 Re1+ 25. Kh2 h6 26. Ra1 Bc2 27. Ra8+ Kh7 28. Bxf7 Re7 29. Bd5 Be4 30. Bxe4+ Rxe4 31. Ra7 Rg4 32. f3 Rg6 33. c4 h5 34. Ra1 1-0

[Event "Miquel Mas op 20th"]
[Site "Castell de Sant Ferran"]
[Date "2019.08.15"]
[Round "4"]
[White "Mellado Trivino, Juan"]
[Black "Pau Plana, Albert"]
[Result "1-0"]
[WhiteElo "2357"]
[BlackElo "1944"]
[PlyCount "59"]
[EventDate "2019.08.13"]
[EventType "swiss"]
[EventRounds "9"]
[EventCountry "ESP"]
[SourceTitle "EXT 2020"]
[Source "ChessBase"]
[SourceDate "2019.10.17"]
[SourceVersion "1"]
[SourceVersionDate "2019.10.17"]
[SourceQuality "1"]

1. e4 c5 2. Nf3 d6 3. Nc3 Nf6 4. e5 dxe5 5. Nxe5 e6 6. Bb5+ Nbd7 7. d4 a6 8. Bxd7+ Bxd7 9. Be3 Qc7 10. Nxd7 Nxd7 11. d5 exd5 12. Nxd5 Qc6 13. Qf3 Bd6 14. Qe4+ Kf8 15. 0-0-0 Re8 16. Qh4 f6 17. Rd2 Kf7 18. Rhd1 Be5 19. Nc7 Bxc7 20. Rxd7+ Re7 21. Qc4+ Ke8 22. Rxe7+ Kxe7 23. Bxc5+ Ke8 24. Qe2+ Kf7 25. Qe7+ Kg6 26. Rd7 Bf4+ 27. Be3 Bxe3+ 28. fxe3 Rc8 29. Qxg7+ Kf5 30. Qxh7+ 1-0

[Event "Miquel Mas op-A 18th"]
[Site "Castell de Sant Ferran"]
[Date "2017.08.16"]
[Round "8"]
[White "Mellado Trivino, Juan"]
[Black "Riff, Jean Noel"]
[Result "0-1"]
[WhiteElo "2392"]
[BlackElo "2489"]
[PlyCount "78"]
[EventDate "2017.08.10"]
[EventType "swiss"]
[EventRounds "9"]
[EventCountry "ESP"]
[SourceTitle "CBM 180 Extra"]
[Source "ChessBase"]
[SourceDate "2017.10.06"]
[SourceVersion "1"]
[SourceVersionDate "2017.10.06"]
[SourceQuality "1"]

1. d4 Nf6 2. Bg5 Ne4 3. Bf4 d5 4. f3 Nd6 5. Nc3 c6 6. e4 e6 7. Qd2 Be7 8. 0-0-0 b5 9. Bxd6 Qxd6 10. e5 Qc7 11. Nh3 b4 12. Na4 Nd7 13. c4 bxc3 14. Qxc3 c5 15. Nxc5 Nxc5 16. Bb5+ Bd7 17. Bxd7+ Qxd7 18. dxc5 Rc8 19. Kb1 Rxc5 20. Qe3 0-0 21. Nf4 Rb8 22. Nd3 Rc4 23. Rd2 a5 24. Rc1 Qb5 25. Rcc2 h6 26. g3 a4 27. Kc1 Rbc8 28. Kd1 Bd8 29. Rxc4 Qxc4 30. Qa7 Qxa2 31. Qd7 Qc4 32. Qe8+ Kh7 33. Qxf7 Ba5 34. Qxe6 Bxd2 35. Qf5+ Kh8 36. Kxd2 d4 37. f4 Qc2+ 38. Ke1 a3 39. bxa3 Rb8 0-1

[Event "Miquel Mas op-A 18th"]
[Site "Castell de Sant Ferran"]
[Date "2017.08.12"]
[Round "3"]
[White "Guix Torres, David"]
[Black "Mellado Trivino, Juan"]
[Result "0-1"]
[WhiteElo "2040"]
[BlackElo "2392"]
[PlyCount "60"]
[EventDate "2017.08.10"]
[EventType "swiss"]
[EventRounds "9"]
[EventCountry "ESP"]
[SourceTitle "CBM 180 Extra"]
[Source "ChessBase"]
[SourceDate "2017.10.06"]
[SourceVersion "1"]
[SourceVersionDate "2017.10.06"]
[SourceQuality "1"]

1. d4 e6 2. Nf3 f5 3. Bg5 Nf6 4. Nc3 d5 5. a3 Be7 6. e3 0-0 7. Bd3 Nbd7 8. Ne2 Ne4 9. Bxe7 Qxe7 10. c4 a5 11. 0-0 c6 12. Rc1 g5 13. Ne5 Nxe5 14. dxe5 Bd7 15. Qc2 b6 16. f3 Nc5 17. Rfd1 Qg7 18. Qc3 a4 19. Ng3 Be8 20. cxd5 cxd5 21. Ne2 Kh8 22. g3 Bh5 23. Kf2 Qh6 24. Bb1 Bxf3 25. h4 Be4 26. Rd4 gxh4 27. Nf4 hxg3+ 28. Kxg3 Rg8+ 29. Kf2 Qh2+ 30. Kf1 Rg1# 0-1

[Event "Torredembarra op 19th"]
[Site "Torredembarra"]
[Date "2017.07.08"]
[Round "8"]
[White "Castillo Dalmau, Albert"]
[Black "Mellado Trivino, Juan"]
[Result "1/2-1/2"]
[WhiteElo "2258"]
[BlackElo "2395"]
[PlyCount "60"]
[EventDate "2017.07.01"]
[EventType "swiss"]
[EventRounds "9"]
[EventCountry "ESP"]
[SourceTitle "CBM 179 Extra"]
[Source "ChessBase"]
[SourceDate "2017.08.23"]
[SourceVersion "1"]
[SourceVersionDate "2017.08.23"]
[SourceQuality "1"]

1. c4 e5 2. g3 Nf6 3. Bg2 Nc6 4. Nc3 Bc5 5. a3 a5 6. e3 d6 7. Nge2 0-0 8. h3 h6 9. 0-0 Bf5 10. d3 Qd7 11. g4 Bh7 12. Ng3 Rfe8 13. b3 Bb6 14. Qe2 Nd8 15. Nge4 Nxe4 16. Nxe4 Ne6 17. Bb2 c6 18. b4 Ng5 19. Nxg5 hxg5 20. Bc3 d5 21. bxa5 Bxa5 22. Bxa5 Rxa5 23. cxd5 cxd5 24. Rfb1 f5 25. Rb3 fxg4 26. Qxg4 Qxg4 27. hxg4 Kf8 28. Rab1 Re7 29. Rc1 Ke8 30. Kf1 Rd7 1/2-1/2

[Event "Torredembarra op 19th"]
[Site "Torredembarra"]
[Date "2017.07.03"]
[Round "3"]
[White "Mellado Trivino, Juan"]
[Black "Aribau Rivas, Miguel Angel"]
[Result "1-0"]
[WhiteElo "2395"]
[BlackElo "2044"]
[PlyCount "62"]
[EventDate "2017.07.01"]
[EventType "swiss"]
[EventRounds "9"]
[EventCountry "ESP"]
[SourceTitle "CBM 179 Extra"]
[Source "ChessBase"]
[SourceDate "2017.08.23"]
[SourceVersion "1"]
[SourceVersionDate "2017.08.23"]
[SourceQuality "1"]

1. d4 Nf6 2. Bg5 d5 3. Nc3 c6 4. Qd2 Bf5 5. e3 Nbd7 6. Bd3 Bxd3 7. cxd3 Qb6 8. Nf3 e6 9. 0-0 h6 10. Bxf6 gxf6 11. e4 Bg7 12. Rfe1 0-0 13. Ne2 Kh7 14. Ng3 Rg8 15. Qf4 Qd8 16. Rac1 Rc8 17. h3 Nf8 18. Qd2 Ng6 19. Nh5 Re8 20. Nh2 f5 21. exf5 exf5 22. Nf3 Qd6 23. Ng3 Qf6 24. Nh5 Qd6 25. Ng3 Qf6 26. Qb4 b6 27. Rxe8 Rxe8 28. Nh5 Qe6 29. Qa4 Rc8 30. Qxa7 b5 31. Re1 Bf8 1-0

[Event "La Pobla de Lillet op 27th"]
[Site "La Pobla de Lillet"]
[Date "2017.??.??"]
[Round "4"]
[White "Dan, Teodor"]
[Black "Mellado Trivino, Juan"]
[Result "1/2-1/2"]
[WhiteElo "2068"]
[BlackElo "2402"]
[PlyCount "26"]
[EventDate "2017.08.01"]
[EventType "tourn"]
[EventRounds "9"]
[EventCountry "ESP"]
[SourceTitle "CBM 179 Extra"]
[Source "ChessBase"]
[SourceDate "2017.08.23"]
[SourceVersion "1"]
[SourceVersionDate "2017.08.23"]
[SourceQuality "1"]

1. d4 e6 2. c4 b6 3. e4 Bb7 4. Bd3 f5 5. exf5 Bb4+ 6. Kf1 Nf6 7. c5 bxc5 8. a3 c4 9. Bxc4 Ba5 10. fxe6 dxe6 11. Bxe6 Qd6 12. Qe2 Kd8 13. Bc4 Nc6 1/2-1/2

[Event "La Pobla de Lillet op 27th"]
[Site "La Pobla de Lillet"]
[Date "2017.??.??"]
[Round "7"]
[White "Mellado Trivino, Juan"]
[Black "Cervello Tost, Ferran"]
[Result "1/2-1/2"]
[WhiteElo "2402"]
[BlackElo "2281"]
[PlyCount "47"]
[EventDate "2017.08.01"]
[EventType "tourn"]
[EventRounds "9"]
[EventCountry "ESP"]
[SourceTitle "CBM 179 Extra"]
[Source "ChessBase"]
[SourceDate "2017.08.23"]
[SourceVersion "1"]
[SourceVersionDate "2017.08.23"]
[SourceQuality "1"]

1. c4 c6 2. d4 d5 3. cxd5 cxd5 4. Nc3 Nf6 5. Nf3 e6 6. Bg5 Be7 7. e3 0-0 8. Bd3 b6 9. Ne5 Bb7 10. 0-0 Nbd7 11. f4 Ne4 12. Bxe7 Qxe7 13. Rc1 Rac8 14. Bxe4 dxe4 15. Qa4 Nxe5 16. fxe5 a6 17. Ne2 b5 18. Qa5 h6 19. a3 Qd7 20. h3 Rxc1 21. Rxc1 Rc8 22. Rxc8+ Qxc8 23. Qc3 Qd8 24. Nf4 1/2-1/2

[Event "La Pobla de Lillet op 27th"]
[Site "La Pobla de Lillet"]
[Date "2017.??.??"]
[Round "3"]
[White "Mellado Trivino, Juan"]
[Black "Romero Pallares, Daniel"]
[Result "1/2-1/2"]
[WhiteElo "2402"]
[BlackElo "2211"]
[PlyCount "57"]
[EventDate "2017.08.01"]
[EventType "tourn"]
[EventRounds "9"]
[EventCountry "ESP"]
[SourceTitle "CBM 179 Extra"]
[Source "ChessBase"]
[SourceDate "2017.08.23"]
[SourceVersion "1"]
[SourceVersionDate "2017.08.23"]
[SourceQuality "1"]

1. e4 g6 2. d4 Bg7 3. Nc3 d6 4. Bg5 c6 5. Qd2 b5 6. Nf3 Nd7 7. a3 a6 8. Be2 Qc7 9. 0-0 Ngf6 10. Rfe1 e5 11. Rad1 Bb7 12. h3 Rd8 13. Bh6 0-0 14. Qg5 Rfe8 15. Bxg7 Kxg7 16. dxe5 dxe5 17. Nh4 Kh8 18. Bg4 Nxg4 19. hxg4 Nf8 20. Qf6+ Kg8 21. Nf3 Rxd1 22. Rxd1 Qe7 23. Qxe7 Rxe7 24. Rd8 h6 25. Ne1 Kg7 26. Nd3 Ne6 27. Rb8 f6 28. b4 Rc7 29. Nc5 1/2-1/2

[Event "La Pobla de Lillet op 27th"]
[Site "La Pobla de Lillet"]
[Date "2017.??.??"]
[Round "2"]
[White "Sanpera Bonet, Juan Carlos"]
[Black "Mellado Trivino, Juan"]
[Result "0-1"]
[WhiteElo "2084"]
[BlackElo "2402"]
[PlyCount "40"]
[EventDate "2017.08.01"]
[EventType "tourn"]
[EventRounds "9"]
[EventCountry "ESP"]
[SourceTitle "CBM 179 Extra"]
[Source "ChessBase"]
[SourceDate "2017.08.23"]
[SourceVersion "1"]
[SourceVersionDate "2017.08.23"]
[SourceQuality "1"]

1. e4 e6 2. d4 d5 3. exd5 exd5 4. c4 dxc4 5. Bxc4 Nf6 6. Nc3 Bd6 7. Nge2 0-0 8. 0-0 Nc6 9. Nb5 Bg4 10. f3 Be6 11. Bxe6 fxe6 12. Nf4 Bxf4 13. Bxf4 Nd5 14. Bg3 a6 15. Nc3 Ne3 16. Qe2 Nxf1 17. Qxe6+ Rf7 18. Rxf1 Nxd4 19. Qc4 b5 20. Qd3 Nf5 0-1

[Event "Balaguer rapid op 24th"]
[Site "Balaguer"]
[Date "2016.09.18"]
[Round "1"]
[White "Sole Pijuan, Ferran"]
[Black "Mellado Trivino, Juan"]
[Result "0-1"]
[WhiteElo "1912"]
[BlackElo "2410"]
[PlyCount "52"]
[EventDate "2016.09.18"]
[EventType "swiss (rapid)"]
[EventRounds "9"]
[EventCountry "ESP"]
[SourceTitle "CBM 174 Extra"]
[Source "ChessBase"]
[SourceDate "2016.10.10"]
[SourceVersion "1"]
[SourceVersionDate "2016.10.10"]
[SourceQuality "1"]

1. d4 b6 2. c4 Bb7 3. Nc3 e6 4. e4 Bb4 5. Qc2 Nf6 6. Bd3 Nc6 7. Nge2 e5 8. d5 Nd4 9. Nxd4 exd4 10. a3 Bxc3+ 11. bxc3 dxc3 12. Qxc3 d6 13. 0-0 Qe7 14. Re1 0-0-0 15. a4 a5 16. e5 Nd7 17. Bf5 Kb8 18. Bxd7 Qxd7 19. Bg5 Rde8 20. exd6 Qxd6 21. Qxg7 Rhg8 22. Qf6 Qb4 23. Reb1 Qxc4 24. Bf4 Qxd5 25. Bxc7+ Kxc7 26. f3 Qxf3 0-1

[Event "Sabadell op-A 9th"]
[Site "Sabadell"]
[Date "2016.09.09"]
[Round "9"]
[White "Ayats Llobera, Gerard"]
[Black "Mellado Trivino, Juan"]
[Result "1/2-1/2"]
[WhiteElo "2263"]
[BlackElo "2410"]
[PlyCount "35"]
[EventDate "2016.09.01"]
[EventType "swiss"]
[EventRounds "9"]
[EventCountry "ESP"]
[SourceTitle "CBM 174 Extra"]
[Source "ChessBase"]
[SourceDate "2016.10.10"]
[SourceVersion "1"]
[SourceVersionDate "2016.10.10"]
[SourceQuality "1"]

1. e4 d5 2. exd5 Qxd5 3. Nc3 Qd6 4. d4 Nf6 5. Nf3 a6 6. g3 b5 7. Bg2 Bb7 8. 0-0 Nbd7 9. Bf4 Qb6 10. a4 e6 11. axb5 axb5 12. Rxa8+ Bxa8 13. Qd3 b4 14. Nb5 Bd6 15. Ne5 Bxg2 16. Kxg2 Bxe5 17. Bxe5 Nxe5 18. dxe5 1/2-1/2

[Event "Sabadell op-A 9th"]
[Site "Sabadell"]
[Date "2016.09.06"]
[Round "6"]
[White "Mellado Trivino, Juan"]
[Black "Gomez Jurado, Luis Alberto"]
[Result "1/2-1/2"]
[WhiteElo "2410"]
[BlackElo "2243"]
[PlyCount "53"]
[EventDate "2016.09.01"]
[EventType "swiss"]
[EventRounds "9"]
[EventCountry "ESP"]
[SourceTitle "CBM 174 Extra"]
[Source "ChessBase"]
[SourceDate "2016.10.10"]
[SourceVersion "1"]
[SourceVersionDate "2016.10.10"]
[SourceQuality "1"]

1. e4 c6 2. c4 d5 3. exd5 cxd5 4. cxd5 Nf6 5. Nc3 Nxd5 6. Nf3 Nc6 7. Bb5 e6 8. 0-0 Be7 9. d4 0-0 10. Re1 Bf6 11. Ne4 Be7 12. Bxc6 bxc6 13. Ne5 Qb6 14. b3 a5 15. Bb2 a4 16. Rc1 a3 17. Ba1 Nb4 18. Qd2 Rd8 19. Qe2 Rf8 20. Qd1 Rd8 21. Re2 f5 22. Rd2 Rf8 23. Qh5 Rd8 24. Qd1 Rf8 25. Re2 Rd8 26. Qe1 Qc7 27. Qd1 1/2-1/2

[Event "Sabadell op-A 9th"]
[Site "Sabadell"]
[Date "2016.09.03"]
[Round "3"]
[White "Lorenzo de la Riva, Lazaro"]
[Black "Mellado Trivino, Juan"]
[Result "1/2-1/2"]
[WhiteElo "2352"]
[BlackElo "2410"]
[PlyCount "129"]
[EventDate "2016.09.01"]
[EventType "swiss"]
[EventRounds "9"]
[EventCountry "ESP"]
[SourceTitle "CBM 174 Extra"]
[Source "ChessBase"]
[SourceDate "2016.10.10"]
[SourceVersion "1"]
[SourceVersionDate "2016.10.10"]
[SourceQuality "1"]

1. e4 e5 2. Nf3 Nf6 3. Nxe5 d6 4. Nf3 Nxe4 5. c4 Nc6 6. Nc3 Nxc3 7. dxc3 Be7 8. Bd3 Bg4 9. h3 Bxf3 10. Qxf3 Ne5 11. Qe2 Nxd3+ 12. Qxd3 0-0 13. 0-0 Re8 14. Qf3 c6 15. Bf4 Qb6 16. b3 Bf8 17. Rfe1 Qc5 18. Qd3 Qa3 19. Qd2 Rad8 20. Bg5 f6 21. Bf4 Qa5 22. a4 Rxe1+ 23. Rxe1 d5 24. Qe3 dxc4 25. Qe6+ Kh8 26. Qxc4 Qc5 27. Qxc5 Bxc5 28. Bc7 Rc8 29. Rd1 b5 30. axb5 cxb5 31. b4 Kg8 32. Rd7 Bf8 33. Kf1 Re8 34. Bf4 Rc8 35. Bd2 a6 36. Ke2 Rc6 37. Kd3 Rd6+ 38. Rxd6 Bxd6 39. Ke4 Kf7 40. Kd5 Ke7 41. Kc6 Ke6 42. Be3 h5 43. Bd4 h4 44. Be3 Be5 45. Bd2 Kf5 46. Kd5 g5 47. c4 bxc4 48. Kxc4 g4 49. hxg4+ Kxg4 50. Kd5 h3 51. gxh3+ Kxh3 52. f4 Bb8 53. Ke6 Kg4 54. f5 Be5 55. Bh6 Bc3 56. Bf8 Kf4 57. Be7 Ke4 58. Bd6 Bb2 59. Be7 Bc3 60. Bxf6 Bxb4 61. Ba1 Be7 62. Bc3 Bd8 63. f6 Bxf6 64. Kxf6 a5 65. Bxa5 1/2-1/2

[Event "Miquel Mas op 17th"]
[Site "Castell de Sant Ferran"]
[Date "2016.08.17"]
[Round "8"]
[White "Mellado Trivino, Juan"]
[Black "Sandipan, Chanda"]
[Result "0-1"]
[WhiteElo "2427"]
[BlackElo "2572"]
[PlyCount "70"]
[EventDate "2016.08.11"]
[EventType "swiss"]
[EventRounds "9"]
[EventCountry "ESP"]
[SourceTitle "CBM 173 Extra"]
[Source "ChessBase"]
[SourceDate "2016.08.29"]
[SourceVersion "1"]
[SourceVersionDate "2016.08.29"]
[SourceQuality "1"]

1. d4 d5 2. e4 dxe4 3. Nc3 Nf6 4. f3 c5 5. Bb5+ Bd7 6. dxc5 Qa5 7. Qe2 Bxb5 8. Qxb5+ Qxb5 9. Nxb5 Na6 10. Be3 Nd5 11. Bd4 e5 12. Bxe5 Bxc5 13. 0-0-0 Ne3 14. Re1 0-0-0 15. Nh3 f6 16. Bf4 Nxg2 17. Rxe4 Rd5 18. Rd1 Rhd8 19. Rxd5 Rxd5 20. Bd2 Rh5 21. Nf4 Nxf4 22. Bxf4 Kd7 23. Nc3 Rf5 24. Kd2 g5 25. Bg3 Rxf3 26. Nd5 h5 27. b4 Bd6 28. Ke2 g4 29. Re3 Rxe3+ 30. Kxe3 Ke6 31. Bxd6 Kxd5 32. Bf8 Kc4 33. a3 Nc7 34. Ke4 h4 35. Bc5 Nb5 0-1